000 01267na a2200361 4500
001 13024
003 MIRAKIL
005 20181213155007.0
008 160930b tu 000 0
020 _a9757814164
035 _a13024
040 _aMilas
_btur
_cTR-AnCHP
041 _atur
082 _a322.4209561
_bÇ24ö 1993
090 _a322.4209561 Ç24ö 1993
100 _aÇalışlar, Oral
_d1946
245 _aÖcalan ve Burkay'la kürt sorunu
_cOral Çalışlar
246 _aÖcalan ve Burkayla kürt sorunu
246 _aKürt sorunu
260 _aİstanbul
_bPencere Yayınları
_c1993
300 _a167 s.
_c20 sm.
600 _aBurkay, Kemal
_d1937-
_xSiyasal ve sosyal görüşler
600 _aÖcalan, Abdullah (APO)
_d1948-
_xSiyasal ve sosyal görüşler
650 _aKürtler
_xEtnik kimlik
_zTürkiye
650 _aKürtler
_xSiyaset ve yönetim
_zTürkiye
650 _aKürt siyasetçiler
_xRöportajlar
_zTürkiye
650 _aKürt sorunu
_xTarih
_yKürt sorunu
_zTürkiye
650 _aSiyasal eylem grupları
_xLiderler
_ySiyasal ve sosyal görüşler
_zTürkiye
650 _aKürt sorunu
_xRopörtajlar
651 _aTürkiye
_xEtnik ilişkiler
_yKürtler
651 _aTürkiye
_xSiyaset ve yönetim
_y1980-
942 _2dcc
_cBKS
999 _c4477
_d4477